Movies Released in 2017 - Statistics

General Stats
  • This quiz has been taken 71 times
    54 since last reset
  • The average score is 13 of 53
Answer Stats
cast movie % Correct
Chris Hemsworth, Tom Hiddleston, Mark Ruffalo Thor: Ragnarok
73%
Tom Holland, Robert Downey Jr, Zendaya, Michael Keaton, Marisa Tomei Spiderman: Homecoming
66%
Anna Kendrick, Elisabethn Banks, rebel Wilson Pitch Perfect 3
59%
Gal Gadot, Robin Wright, Chris Pine, David Thewlis Wonder Woman
59%
Dwayne Johnson, Zac efron, Alexandra Daddario Baywatch
52%
Emma Watson, Dan Stevens, Ian McKellan, Ewan McGregor, Emma Thompson, Luke Evans, Josh Gad, Kevin Kline Beauty and the Beast
52%
Ben Affleck, Henry Cavill, Gal Gabot, Jason Momoa, Ezra Miller, Amber Heard, Amy Adams, jesse Eisenberg, Jeremy irons, J.K Simmons Justice League
52%
Ansel Elgort, Lily James, Jamie Foxx Baby Driver
48%
Mark Hamill, Daisy Ridley, Carrie Fisher, John Boyega, Adam Driver, Oscar Isaac Star Wars: The Last Jedi
48%
Harry Styles, Tom Hardy, Mark Rylance, Kenneth Branagh Dunkirk
41%
Chris Pratt, Vin Diesel, Zoe Saldana, Bradley cooper, karen Gillian Guardians of the Galaxy Vol. 2
41%
Patrick Stewart, Hugh Jackman, Dafne Keen Logan
41%
Ryan Gosling, Harrison Ford, Jared Leto, Robin Wright Blade Runner 2049
39%
Emma Watson, Tom hanks The Circle
39%
Johnny Depp, Daisy Ridley, Kenneth Branagh, Judi Dench Murder on the Orient Express
36%
Tom hiddleston, Samuel L. jackson, Brie Larson, John Goodman Kong: Skull Island
34%
T.J Miller, James Corden, Steven Wright, Patrick Stewart, Anna Faris, Jake T. Austin The Emoji Movie
32%
Tom cruise, Russell Crowe, Annabele Wallis, Sofia Boutella The Mummy
30%
Steve Carrell, Miranda Cosgrove, Kristen Wiig, Trey parker, Dana Gaier, Russell Brand Despicable Me 3
27%
Clon Firth, Channing Tatum, Taron Egerton, Halle Berry Kingsman: The Golden Circle
27%
Jamie Dornan, Dakota Johnson, Rita Ora Fifty Shades Darker
25%
Alec Baldwin, Steve Buscemi, Lisa Kudrow, Jimmy Kimmel The Boss Baby
25%
Dwayne Johnson, Vin Diesel The Fate of the Furious
25%
Asa Butterfield, Britt Robertson, Gary Oldman The Space Between Us
23%
Owen Wilson, Bonnie Hunt, Larry the Cable Guy Cars 3
18%
Allison Williams, Daniel Kaluuya, Bradley whitford Get Out
18%
Scarlett Johansson Ghost in the Shell
18%
Johnny Depp, Orlando Bloom, Javier Bardem, Geoffrey Rush Pirates of the Caribbean: Dead Men Tell No Tales
18%
Naomi Scott, Dacre Montgomery, Ludi Lin, Elisabeth Banks, Becky G Power Rangers
18%
Scarlett Johansson, Jillian Bell, Zoe Kravitz, Kate McKinnon Rough Night
18%
Idris Alba, Matthew McConaughey The Dark Tower
18%
Amy Schumer, Goldie Hawn Snatched
16%
Will Arnett, Zach Galifianakis, Ralp Fiennes The Lego Batman Movie
16%
jackie Chan, Justin theroux The Lego Ninjago Movie
16%
Natalie Portman Jackie
14%
Keanu Reeves, Ruby Rose, Ian McShane John Wick: Chapter 2
14%
Andy Serkis, Woody harrleson, Steve Zhan War for the Planet of the Apes
14%
Michael Fassbender, katherine Watson, Danny McBride Alien: Covenant
11%
Peter Capaldi, Julie Walters, Hugh Bonneville, Ben Whishaw, Jim Broadbent, Sally Hawkins, Brendan Gleeson, Hugh grant Paddington 2
11%
Tom Cruise, Domhnall Gleeson, Sarah Wright, Jayna Mays American Made
9%
Demi Lovato, Mandy Patinkin, Rainn Wilson Smurfs: The Lost Village
9%
Cara Delevigne, Dane Dehaan, Rihanna, Ethan Hawke Valerian and the City of a Thousand Planets
9%
Vin Diesel, Nina Dobrev, Ruby Rose xXx: Return of Xander Cage
9%
Kevin Hart, Ed Helms Captain Underpants
7%
Alicia Silverstone, Charlie Wright, Tom Everrett Scott Diary of a Wimpy Kid: The Long Haul
7%
Joel Edgerton, Riley Keough, Christopher Abbott It Comes at Night
7%
Jude Law, Charlie Hunnam King Arthur: Legend of the Sword
7%
Ewan Mcgregor, Robert Carlyle T2 Trainspotting
7%
Anna Kendrick, Lisa Kudrow Table 19
7%
Octavia Spencer, Sam Worthington The Shack
7%
Zoey Deutch, Diego Boneta, Halston Sage Before I Fall
5%
Mark wahlberg, Anthony Hopkins, Josh Duhamel, Isabela Moner Transformers: The Last Night
2%
Matilda Lutz, Alex Roe Sadako 3D
0%
No matching quizzes found
Score Distribution
Percent of People with Each Score
Percentile by Number Answered
Your Score History
You have not taken this quiz since the last reset